| 000 | 00677nam a2200205 a 4500 | ||
|---|---|---|---|
| 001 | 000008993 | ||
| 005 | 20240412074208.0 | ||
| 008 | 090922s1980 dr c 000 0 spa d | ||
| 040 | _aDO-SdBNP | ||
| 082 |
_aRD861.44 _bC117p |
||
| 100 | 1 |
_aCabral, Manuel del, _d1907-1999 _923556 |
|
| 245 | 1 | 0 |
_a10 poetas dominicanos : _btres poetas con vida y siete desenterrados / _cManuel del Cabral. |
| 246 | 2 | _aDiez poetas dominicanos | |
| 260 |
_aSanto Domingo : _bPublicaciones América, _c1980. |
||
| 300 |
_a189 p. : _bretr. ; _c22 cm. |
||
| 650 | 0 |
_aPoesía dominicana _966 |
|
| 650 | 4 |
_aAutores dominicanos _xBiográfias _9230 |
|
| 650 | 0 |
_aLiteratura dominicana. _967 |
|
| 049 | _aBNPD | ||
| 999 |
_c8757 _d8757 |
||